[Event "USA-ch Seniors"]
[Site "Saint Louis"]
[Date "2023.07.18"]
[Round "4"]
[White "Akopian, Vladimir Eduardovic"]
[Black "Wolff, Patrick G"]
[Result "1/2-1/2"]
[WhiteElo "2612"]
[BlackElo "2545"]
[PlyCount "107"]
[EventDate "2023.07.15"]
[EventType "tourn"]
[EventRounds "9"]
[EventCountry "USA"]
[EventCategory "10"]
[SourceTitle "CBM 215 Extra"]
[Source "ChessBase"]
[SourceDate "2023.09.30"]
[SourceVersion "1"]
[SourceVersionDate "2023.09.30"]
[SourceQuality "1"]

1. e4 c5 2. Nf3 d6 3. d4 cxd4 4. Nxd4 Nf6 5. Nc3 a6 6. Be3 e5 7. Nf3 Be7 8. Bc4 0-0 9. 0-0 Nc6 10. Bg5 Be6 11. Bb3 Nd7 12. Bxe7 Qxe7 13. Nd5 Qd8 14. Qe2 Nc5 15. Rad1 Nxb3 16. axb3 f5 17. exf5 Bxf5 18. Ne3 Bg6 19. Nc4 Bh5 20. Nxd6 Qe7 21. c3 Rf4 22. Ne4 Raf8 23. Rd3 Qf7 24. Re3 Qxb3 25. Re1 Qf7 26. Nfg5 Bxe2 27. Nxf7 R4xf7 28. R3xe2 Rd8 29. g3 h6 30. h4 Rd5 31. Kg2 a5 32. Rd2 Rxd2 33. Nxd2 Rd7 34. Nc4 Rd5 35. Kf3 Kf7 36. Ke4 Ke6 37. Ra1 Rc5 38. Ne3 Ne7 39. Kd3 Nf5 40. b4 axb4 41. cxb4 Rc7 42. Nxf5 Kxf5 43. Ra5 g5 44. hxg5 hxg5 45. f3 Ke6 46. Rb5 g4 47. fxg4 Rg7 48. Ke4 Rxg4+ 49. Kf3 Rg7 50. g4 Rf7+ 51. Ke3 Rg7 52. Kf3 Rf7+ 53. Ke3 Rg7 54. Kf3 1/2-1/2

[Event "San Francisco Mechanics Institute op"]
[Site "San Francisco"]
[Date "2019.05.02"]
[Round "3"]
[White "Mont Reynaud, Jordy"]
[Black "Wolff, Patrick G"]
[Result "1/2-1/2"]
[WhiteElo "2249"]
[BlackElo "2564"]
[PlyCount "154"]
[EventDate "2019.05.02"]
[EventType "swiss (rapid)"]
[EventRounds "5"]
[EventCountry "USA"]
[SourceTitle "CBM 190 Extra"]
[Source "ChessBase"]
[SourceDate "2019.07.15"]
[SourceVersion "1"]
[SourceVersionDate "2019.07.15"]
[SourceQuality "1"]

1. d4 f5 2. c4 Nf6 3. Nc3 e6 4. g3 Bb4 5. Bg2 0-0 6. Qb3 Nc6 7. e3 a5 8. Nge2 a4 9. Qc2 a3 10. 0-0 axb2 11. Bxb2 Be7 12. d5 Nb4 13. Qb3 Nd3 14. dxe6 Nc5 15. Qc2 dxe6 16. Rfd1 Bd7 17. Nd4 Qc8 18. Nb3 Re8 19. Rd2 Na6 20. a3 Nc5 21. Rad1 Ra6 22. Nxc5 Bxc5 23. Nb5 e5 24. Rd5 Nxd5 25. Rxd5 Bd6 26. c5 Bf8 27. a4 e4 28. Bh3 Rh6 29. Bg2 Bxb5 30. axb5 c6 31. bxc6 Rxc6 32. Bd4 Qe6 33. Re5 Qf7 34. Rxe8 Qxe8 35. Bf1 Qc8 36. Bb5 Rh6 37. Qc4+ Kh8 38. Qd5 f4 39. exf4 Qg4 40. Qxe4 Re6 41. Qb1 Qf3 42. Bf1 Qd5 43. Be3 Bxc5 44. Bg2 Qd6 45. Bxc5 Qxc5 46. h4 b5 47. Kh2 h6 48. Qd3 Re8 49. Qd7 Rf8 50. Be4 b4 51. Kg2 Qb6 52. Bb1 Rb8 53. Qf5 Kg8 54. Qh7+ Kf7 55. Qf5+ Qf6 56. Qd7+ Kf8 57. Qa7 Qb6 58. Qa2 b3 59. Qb2 Qb4 60. f3 Rc8 61. Kh3 Kg8 62. Ba2 Rb8 63. Bb1 Qe7 64. g4 Qe6 65. f5 Qd6 66. g5 Qd5 67. Be4 Qc5 68. f6 hxg5 69. fxg7 Qd6 70. hxg5 Rb5 71. Qf6 Qxf6 72. gxf6 b2 73. Bb1 Rb8 74. Ba2+ Kh7 75. Bb1+ Kg8 76. Ba2+ Kh7 77. Bb1+ Kg8 1/2-1/2

[Event "USA tt Wildcard"]
[Site "ICC INT"]
[Date "2007.11.07"]
[Round "1"]
[White "Becerra Rivero, Julio"]
[Black "Wolff, Patrick G"]
[Result "1/2-1/2"]
[WhiteElo "2568"]
[BlackElo "2564"]
[PlyCount "34"]
[EventDate "2007.11.07"]
[EventType "team"]
[EventRounds "1"]
[EventCountry "USA"]
[SourceTitle "EXT 2008"]
[Source "ChessBase"]
[SourceDate "2007.11.25"]
[SourceVersion "1"]
[SourceVersionDate "2007.11.25"]
[SourceQuality "1"]

1. e4 c5 2. Nf3 d6 3. d4 cxd4 4. Nxd4 Nf6 5. Nc3 Nc6 6. Bg5 e6 7. Qd2 Be7 8. 0-0-0 Nxd4 9. Qxd4 0-0 10. f4 Qa5 11. Bc4 Bd7 12. e5 dxe5 13. Qxe5 Qb6 14. f5 Rac8 15. Bb3 Ng4 16. Qf4 Bxg5 17. Qxg5 Nf6 1/2-1/2

[Event "Governors Cup op"]
[Site "Sioux Falls"]
[Date "2001.09.22"]
[Round "4"]
[White "Wolff, Patrick G"]
[Black "Adu, Oladapo"]
[Result "1-0"]
[WhiteElo "2570"]
[BlackElo "2234"]
[PlyCount "43"]
[EventDate "2001.09.21"]
[EventType "swiss"]
[EventRounds "5"]
[EventCountry "USA"]
[SourceTitle "CBM 084 Extra"]
[Source "ChessBase"]
[SourceDate "2001.10.26"]
[SourceVersion "1"]
[SourceVersionDate "2001.10.26"]
[SourceQuality "1"]

1. e4 e6 2. d4 d5 3. exd5 exd5 4. c4 c6 5. Nc3 Nf6 6. Bd3 Be6 7. cxd5 Nxd5 8. Nf3 Bb4 9. 0-0 Be7 10. Re1 0-0 11. Qc2 g6 12. Bxg6 hxg6 13. Rxe6 Bf6 14. Bh6 Re8 15. Rxe8+ Qxe8 16. Re1 Qd7 17. Qb3 b6 18. Ne5 Bxe5 19. dxe5 Nxc3 20. Qxc3 Qe7 21. e6 Kh7 22. Qg7# 1-0

[Event "US Masters op"]
[Site "Hawaii"]
[Date "1998.07.22"]
[Round "2"]
[White "Kobese, Watu"]
[Black "Wolff, Patrick G"]
[Result "0-1"]
[WhiteElo "2415"]
[BlackElo "2575"]
[PlyCount "62"]
[EventDate "1998.07.??"]
[EventType "swiss"]
[EventRounds "9"]
[EventCountry "USA"]
[SourceTitle "EXT 1999"]
[Source "ChessBase"]
[SourceDate "1998.11.16"]
[SourceVersion "1"]
[SourceVersionDate "1998.11.16"]
[SourceQuality "1"]

1. e4 c5 2. Nf3 d6 3. d4 cxd4 4. Nxd4 Nf6 5. Nc3 Nc6 6. Be2 e6 7. 0-0 Be7 8. Be3 0-0 9. f4 a6 10. Qe1 Nxd4 11. Bxd4 b5 12. a3 Bb7 13. Qg3 g6 14. Bf3 a5 15. Rad1 b4 16. e5 Bxf3 17. Qxf3 Ne8 18. axb4 axb4 19. exd6 Nxd6 20. Ne4 Nf5 21. Bf6 Qb6+ 22. Kh1 Rfd8 23. Bxe7 Nxe7 24. Qh3 h5 25. Qh4 Rxd1 26. Nf6+ Kg7 27. Rxd1 Qd4 28. Ne8+ Kf8 29. Qe1 Qxf4 30. Nd6 Nd5 31. Nb5 Ne3 0-1

[Event "Najdorf Memorial 8th"]
[Site "Buenos Aires"]
[Date "1997.05.20"]
[Round "2"]
[White "Wolff, Patrick G"]
[Black "Zarnicki, Pablo Adrian"]
[Result "1/2-1/2"]
[WhiteElo "2575"]
[BlackElo "2560"]
[PlyCount "37"]
[EventDate "1997.05.19"]
[EventType "tourn"]
[EventRounds "9"]
[EventCountry "ARG"]
[EventCategory "13"]
[SourceTitle "CBM 060"]
[Source "ChessBase"]
[SourceDate "1997.09.29"]
[SourceVersion "1"]
[SourceVersionDate "1997.09.29"]
[SourceQuality "1"]

1. e4 e5 2. Nf3 Nf6 3. Nxe5 d6 4. Nf3 Nxe4 5. d4 d5 6. Bd3 Nc6 7. 0-0 Be7 8. Re1 Bg4 9. c4 Nf6 10. Nc3 Bxf3 11. Qxf3 Nxd4 12. Qd1 Ne6 13. cxd5 Nxd5 14. Qa4+ c6 15. Nxd5 Qxd5 16. Bc4 Qd6 17. Bxe6 fxe6 18. Bf4 Qb4 19. Qxb4 1/2-1/2

[Event "Najdorf Memorial 8th"]
[Site "Buenos Aires"]
[Date "1997.05.19"]
[Round "1"]
[White "Ricardi, Pablo"]
[Black "Wolff, Patrick G"]
[Result "0-1"]
[WhiteElo "2575"]
[BlackElo "2575"]
[PlyCount "82"]
[EventDate "1997.05.19"]
[EventType "tourn"]
[EventRounds "9"]
[EventCountry "ARG"]
[EventCategory "13"]
[SourceTitle "CBM 060"]
[Source "ChessBase"]
[SourceDate "1997.09.29"]
[SourceVersion "1"]
[SourceVersionDate "1997.09.29"]
[SourceQuality "1"]

1. e4 c5 2. Nf3 d6 3. Bb5+ Bd7 4. Bxd7+ Nxd7 5. 0-0 Ngf6 6. Qe2 e6 7. b3 Be7 8. Bb2 0-0 9. c4 a6 10. d4 cxd4 11. Nxd4 Qb6 12. Kh1 Qc5 13. f4 Rfe8 14. Nf3 b5 15. e5 Ng4 16. Nd4 dxe5 17. Nxe6 fxe6 18. Qxg4 Bf6 19. fxe5 Bxe5 20. Nc3 bxc4 21. Rad1 Qc7 22. bxc4 Rac8 23. h3 Nf6 24. Qe2 Bxc3 25. Bxc3 Qxc4 26. Qxc4 Rxc4 27. Bxf6 gxf6 28. Rxf6 Re7 29. Rd8+ Kg7 30. Rf3 e5 31. Rg3+ Kf6 32. Rf3+ Kg7 33. Rg3+ Kf6 34. Rf8+ Ke6 35. Ra3 Rc6 36. Ra8 Kd5 37. R8xa6 Rxa6 38. Rxa6 e4 39. Kg1 Rf7 40. Ra5+ Kd4 41. g4 e3 0-1

[Event "New York op"]
[Site "New York"]
[Date "1997.04.04"]
[Round "4"]
[White "Cuartas, Carlos Enrique"]
[Black "Wolff, Patrick G"]
[Result "0-1"]
[WhiteElo "2330"]
[BlackElo "2575"]
[PlyCount "40"]
[EventDate "1997.04.02"]
[EventType "swiss"]
[EventRounds "9"]
[EventCountry "USA"]
[SourceTitle "EXT 1999"]
[Source "ChessBase"]
[SourceDate "1998.11.16"]
[SourceVersion "1"]
[SourceVersionDate "1998.11.16"]
[SourceQuality "1"]

1. Nf3 c5 2. b3 d5 3. e3 Nf6 4. Bb2 e6 5. Bb5+ Nbd7 6. Ne5 Bd6 7. f4 Qc7 8. 0-0 0-0 9. Bxd7 Nxd7 10. Qh5 f5 11. Nxd7 Bxd7 12. c4 d4 13. exd4 Bxf4 14. dxc5 Bc6 15. Qh4 e5 16. Qf2 Qf7 17. d4 Qh5 18. g3 Bxg3 19. Qxg3 f4 20. Qc3 exd4 0-1

[Event "New York op"]
[Site "New York"]
[Date "1997.??.??"]
[Round "2"]
[White "Formanek, Edward W"]
[Black "Wolff, Patrick G"]
[Result "1/2-1/2"]
[WhiteElo "2335"]
[BlackElo "2575"]
[PlyCount "52"]
[EventDate "1997.04.02"]
[EventType "swiss"]
[EventRounds "9"]
[EventCountry "USA"]
[SourceTitle "EXT 2001"]
[Source "ChessBase"]
[SourceDate "2000.11.22"]
[SourceVersion "1"]
[SourceVersionDate "2000.11.22"]
[SourceQuality "1"]

1. d4 Nf6 2. c4 g6 3. Nc3 d5 4. cxd5 Nxd5 5. g3 Bg7 6. Bg2 Nb6 7. Nf3 Nc6 8. e3 0-0 9. 0-0 Re8 10. b3 e5 11. Nxe5 Nxe5 12. dxe5 Bxe5 13. Bb2 Qe7 14. Qc2 a5 15. Nb5 c6 16. Nd4 Bg7 17. a3 h5 18. Rad1 h4 19. Rd2 hxg3 20. hxg3 Bg4 21. e4 Rec8 22. Ne2 Bxb2 23. Qxb2 a4 24. Nf4 Be6 25. Nxe6 Qxe6 26. Rd3 c5 1/2-1/2

[Event "New York op"]
[Site "New York"]
[Date "1997.??.??"]
[Round "?"]
[White "Wolff, Patrick G"]
[Black "Granda Zuniga, Julio E"]
[Result "0-1"]
[WhiteElo "2575"]
[BlackElo "2620"]
[PlyCount "114"]
[EventDate "1997.04.02"]
[EventType "swiss"]
[EventRounds "9"]
[EventCountry "USA"]
[SourceTitle "CBM 057 Extra"]
[Source "ChessBase"]
[SourceDate "1997.05.01"]
[SourceVersion "1"]
[SourceVersionDate "1997.05.01"]
[SourceQuality "1"]

1. e4 c5 2. Nf3 Nc6 3. d4 cxd4 4. Nxd4 e6 5. Nc3 Qc7 6. Be2 a6 7. 0-0 Nf6 8. Be3 b5 9. Nxc6 dxc6 10. f4 b4 11. Na4 Rb8 12. Bf3 Be7 13. Qd2 0-0 14. Qf2 Nd7 15. c4 bxc3 16. Nxc3 e5 17. f5 Rb4 18. Rac1 Qb8 19. b3 Rd4 20. Rfd1 Ba3 21. Rb1 c5 22. Qg3 Qd6 23. b4 Bxb4 24. Nd5 Ba5 25. Kh1 Rxd1+ 26. Rxd1 Bd8 27. h4 h6 28. Qf2 Qc6 29. g4 g5 30. Qd2 f6 31. Rc1 Bb7 32. Qb2 Kg7 33. Kg2 Rf7 34. Qd2 Qd6 35. Rd1 Nb6 36. Nxb6 Qxd2+ 37. Rxd2 Bxb6 38. hxg5 hxg5 39. Rb2 Ba7 40. Kf2 Rd7 41. Be2 Bxe4 42. Bxa6 Kf8 43. Bc4 Bc6 44. Be6 Rd3 45. Rc2 Ke7 46. Ke2 e4 47. Bc4 Rd8 48. Kf2 Rh8 49. Rc3 Kd6 50. Kg2 Bb6 51. Rc1 Ba4 52. Rb1 Bc7 53. Rb2 Kc6 54. Bg1 Bf4 55. Re2 Kd6 56. Rb2 Bc6 57. Kf1 Rh1 0-1

[Event "New York op"]
[Site "New York"]
[Date "1997.??.??"]
[Round "1"]
[White "Wolff, Patrick G"]
[Black "Jaksland, Tim"]
[Result "1-0"]
[WhiteElo "2575"]
[BlackElo "2250"]
[PlyCount "63"]
[EventDate "1997.04.02"]
[EventType "swiss"]
[EventRounds "9"]
[EventCountry "USA"]
[SourceTitle "EXT 2001"]
[Source "ChessBase"]
[SourceDate "2000.11.22"]
[SourceVersion "1"]
[SourceVersionDate "2000.11.22"]
[SourceQuality "1"]

1. e4 c5 2. Nf3 Nc6 3. d4 cxd4 4. Nxd4 g6 5. Nc3 Bg7 6. Be3 Nf6 7. Bc4 Qa5 8. 0-0 0-0 9. Nb3 Qc7 10. f4 d6 11. Kh1 b6 12. Bd3 Bb7 13. Qe1 Rfe8 14. Qh4 Na5 15. Rae1 Nc4 16. Bc1 a6 17. a4 Rab8 18. f5 Ba8 19. Nd2 Na3 20. Nf3 b5 21. axb5 axb5 22. Re2 b4 23. Nd5 Bxd5 24. exd5 b3 25. c3 Nb5 26. c4 Na7 27. Bh6 Rb4 28. fxg6 hxg6 29. Ng5 Rxc4 30. Bxc4 Bxh6 31. Qxh6 Qxc4 32. Ref2 1-0

[Event "New York op"]
[Site "New York"]
[Date "1997.??.??"]
[Round "9"]
[White "Wolff, Patrick G"]
[Black "Karpatchev, Aleksandr"]
[Result "1-0"]
[WhiteElo "2575"]
[BlackElo "2390"]
[PlyCount "67"]
[EventDate "1997.04.02"]
[EventType "swiss"]
[EventRounds "9"]
[EventCountry "USA"]
[SourceTitle "EXT 2001"]
[Source "ChessBase"]
[SourceDate "2000.11.22"]
[SourceVersion "1"]
[SourceVersionDate "2000.11.22"]
[SourceQuality "1"]

1. e4 e5 2. Nf3 Nc6 3. Bb5 f5 4. Nc3 fxe4 5. Nxe4 d5 6. Nxe5 dxe4 7. Nxc6 Qg5 8. Qe2 Nf6 9. f4 Qxf4 10. Ne5+ c6 11. d4 Qh4+ 12. g3 Qh3 13. Bc4 Be6 14. Bg5 0-0-0 15. 0-0-0 Bd6 16. Rhf1 Rhe8 17. Bxe6+ Qxe6 18. Nc4 Bc7 19. Kb1 Rf8 20. Ne3 Rd7 21. c4 h6 22. d5 cxd5 23. cxd5 Qe5 24. Bf4 Qh5 25. g4 Qf7 26. d6 Bb6 27. Nc4 Qe6 28. Ne5 Rfd8 29. Nxd7 Rxd7 30. h3 Kb8 31. Be3 Bd8 32. Qb5 Ne8 33. Rf8 Bf6 34. Qf5 1-0

[Event "New York op"]
[Site "New York"]
[Date "1997.??.??"]
[Round "5"]
[White "Wolff, Patrick G"]
[Black "Poley, Vladimir"]
[Result "1-0"]
[WhiteElo "2575"]
[BlackElo "2415"]
[PlyCount "67"]
[EventDate "1997.04.02"]
[EventType "swiss"]
[EventRounds "9"]
[EventCountry "USA"]
[SourceTitle "EXT 2001"]
[Source "ChessBase"]
[SourceDate "2000.11.22"]
[SourceVersion "1"]
[SourceVersionDate "2000.11.22"]
[SourceQuality "1"]

1. e4 g6 2. d4 Bg7 3. Nf3 c6 4. Nc3 d5 5. Bf4 dxe4 6. Nxe4 Qb6 7. Bc4 Qb4+ 8. Nfd2 Qxb2 9. Rb1 Qxd4 10. Qe2 Be6 11. Bxe6 fxe6 12. Rxb7 Nd7 13. 0-0 Qd5 14. Rd1 Ngf6 15. Nd6+ exd6 16. Nc4 Qxd1+ 17. Qxd1 d5 18. Ne5 Nxe5 19. Rxg7 Nf7 20. Qf3 Nh5 21. Rxf7 Kxf7 22. Be5+ Ke7 23. g4 Rhf8 24. Qa3+ Kf7 25. gxh5 gxh5 26. Qf3+ Kg6 27. Qg3+ Kf5 28. Bg7 Rf7 29. Qd3+ Kf4 30. Qxh7 Rf5 31. Qh6+ Rg5+ 32. Kf1 Rb8 33. Qf6+ Kg4 34. f3+ 1-0

[Event "New York CITS"]
[Site "New York"]
[Date "1996.??.??"]
[Round "2"]
[White "Adams, Michael"]
[Black "Wolff, Patrick G"]
[Result "1-0"]
[WhiteElo "2660"]
[BlackElo "2565"]
[PlyCount "75"]
[EventDate "1996.03.??"]
[EventType "tourn"]
[EventRounds "11"]
[EventCountry "USA"]
[EventCategory "13"]
[SourceTitle "CBM 052"]
[Source "ChessBase"]
[SourceDate "1996.06.01"]
[SourceVersion "1"]
[SourceVersionDate "1996.06.01"]
[SourceQuality "1"]

1. e4 c5 2. Nf3 d6 3. c3 Nf6 4. Be2 g6 5. 0-0 Nbd7 6. d3 b6 7. Nbd2 Bb7 8. Re1 Bg7 9. Bf1 0-0 10. d4 e6 11. b3 Qc7 12. Bb2 Rad8 13. a4 a6 14. b4 d5 15. e5 Ne4 16. a5 Bh6 17. Nb3 cxb4 18. cxb4 Rfe8 19. Bc1 Bf8 20. axb6 Qxb6 21. Nc5 Qxb4 22. Ba3 Qb6 23. Rb1 Bxc5 24. Rxb6 Bxb6 25. h4 Bc6 26. Qc1 Bb5 27. Qh6 Nxe5 28. Nxe5 Bxd4 29. Bxb5 axb5 30. Qf4 f5 31. Re2 Ra8 32. Bb2 Ra4 33. Bxd4 Rxd4 34. Qc1 Rc4 35. Nxc4 bxc4 36. f3 Nc5 37. Qc3 Nd3 38. Qf6 1-0

[Event "World op 24th"]
[Site "Philadelphia"]
[Date "1996.??.??"]
[Round "?"]
[White "Ashley, Maurice"]
[Black "Wolff, Patrick G"]
[Result "1-0"]
[WhiteElo "2460"]
[BlackElo "2565"]
[PlyCount "105"]
[EventDate "1996.06.29"]
[EventType "swiss"]
[EventRounds "9"]
[EventCountry "USA"]
[SourceTitle "EXT 2001"]
[Source "ChessBase"]
[SourceDate "2000.11.22"]
[SourceVersion "1"]
[SourceVersionDate "2000.11.22"]
[SourceQuality "1"]

1. c4 e5 2. Nc3 Nf6 3. Nf3 Nc6 4. e4 Bb4 5. d3 Bxc3+ 6. bxc3 d6 7. Be2 0-0 8. Bg5 Qe7 9. Nd2 h6 10. Be3 Nh7 11. 0-0 f5 12. f3 Nf6 13. Rb1 b6 14. Re1 Qf7 15. Kh1 Bd7 16. Qc2 Ne7 17. d4 Qg6 18. c5 fxe4 19. cxd6 cxd6 20. fxe4 Ned5 21. Qb3 Ba4 22. Qxa4 Nxe3 23. Bc4+ Nxc4 24. Qxc4+ Kh8 25. Qe6 Qh5 26. h3 Rad8 27. Kg1 Rfe8 28. Qb3 Qg6 29. d5 Nh5 30. c4 Rf8 31. Rf1 Ng3 32. Rxf8+ Rxf8 33. Qe3 Nh5 34. Rf1 Nf4 35. Rf2 Rc8 36. Kh2 Qh5 37. Qa3 Qh4 38. Qe3 Rc5 39. Nf3 Qe7 40. Nd2 Qd7 41. Qf3 Kh7 42. Qb3 Qc8 43. Qa3 a6 44. Nb3 Rxc4 45. Qxd6 Rxe4 46. Qxb6 Nxd5 47. Qd6 Nf4 48. Nc5 Re1 49. Qd2 Ra1 50. Qc3 Kh8 51. Qxa1 Qxc5 52. Qb2 Qd6 53. Qb7 1-0

[Event "World op 24th"]
[Site "Philadelphia"]
[Date "1996.??.??"]
[Round "?"]
[White "Bonin, Jay R"]
[Black "Wolff, Patrick G"]
[Result "1/2-1/2"]
[WhiteElo "2325"]
[BlackElo "2565"]
[PlyCount "64"]
[EventDate "1996.06.29"]
[EventType "swiss"]
[EventRounds "9"]
[EventCountry "USA"]
[SourceTitle "EXT 2001"]
[Source "ChessBase"]
[SourceDate "2000.11.22"]
[SourceVersion "1"]
[SourceVersionDate "2000.11.22"]
[SourceQuality "1"]

1. d4 Nf6 2. Nf3 g6 3. g3 Bg7 4. Bg2 d5 5. c4 dxc4 6. Qa4+ Nfd7 7. Qxc4 Nc6 8. 0-0 0-0 9. Rd1 Nb6 10. Qc5 Qd6 11. Qxd6 cxd6 12. Nc3 Bg4 13. e3 Rfc8 14. h3 Bd7 15. b3 a5 16. Bb2 a4 17. Nxa4 Nxa4 18. bxa4 Rxa4 19. Rdc1 Rca8 20. a3 e6 21. Nd2 d5 22. Nb3 b6 23. Bf1 Nd8 24. Rc7 Be8 25. Rac1 Bf8 26. Rc8 Bd6 27. Nd2 Bd7 28. Rxa8 Rxa8 29. Nb1 Bc6 30. Rc3 Ba4 31. Rc1 Bc6 32. Rc3 Ba4 1/2-1/2

[Event "National op 10'"]
[Site "Las Vegas"]
[Date "1996.??.??"]
[Round "?"]
[White "Browne, Walter Shawn"]
[Black "Wolff, Patrick G"]
[Result "1-0"]
[WhiteElo "2535"]
[BlackElo "2565"]
[PlyCount "82"]
[EventDate "1996.??.??"]
[EventType "match"]
[EventRounds "2"]
[EventCountry "USA"]
[SourceTitle "EXT 2001"]
[Source "ChessBase"]
[SourceDate "2000.11.22"]
[SourceVersion "1"]
[SourceVersionDate "2000.11.22"]
[SourceQuality "1"]

1. d4 d5 2. c4 e6 3. Nc3 c6 4. Nf3 dxc4 5. e3 b5 6. a4 Bb4 7. Bd2 a5 8. axb5 Bxc3 9. Bxc3 cxb5 10. b3 Bb7 11. bxc4 b4 12. Bb2 Nf6 13. c5 0-0 14. Ne5 Qc7 15. Nc4 Nbd7 16. f3 Bc6 17. Bd3 a4 18. Rb1 Nd5 19. 0-0 h6 20. Qd2 Rfb8 21. Ba1 a3 22. Bc2 a2 23. Rb2 Bb5 24. Bb3 Nc3 25. Rc1 e5 26. Rbc2 exd4 27. exd4 Bxc4 28. Bxc4 Nb6 29. Bxa2 Nbd5 30. Bc4 Ra4 31. Bb2 Qc6 32. Bb3 Ra7 33. Re1 Rd7 34. Rcc1 Rbd8 35. Kh1 Qf6 36. Ra1 h5 37. Re5 h4 38. h3 g6 39. Rae1 Ra7 40. Re8+ Rxe8 41. Rxe8+ Kh7 1-0

[Event "New York CITS"]
[Site "New York"]
[Date "1996.??.??"]
[Round "7"]
[White "Dzindzichashvili, Roman"]
[Black "Wolff, Patrick G"]
[Result "1/2-1/2"]
[WhiteElo "2545"]
[BlackElo "2565"]
[PlyCount "97"]
[EventDate "1996.03.??"]
[EventType "tourn"]
[EventRounds "11"]
[EventCountry "USA"]
[EventCategory "13"]
[SourceTitle "CBM 052"]
[Source "ChessBase"]
[SourceDate "1996.06.01"]
[SourceVersion "1"]
[SourceVersionDate "1996.06.01"]
[SourceQuality "1"]

1. c4 e5 2. Nc3 Nc6 3. g3 g6 4. Bg2 Bg7 5. e3 d6 6. Nge2 Nf6 7. d3 0-0 8. 0-0 Be6 9. Nd5 Qd7 10. b3 Bxd5 11. cxd5 Ne7 12. Nc3 c6 13. dxc6 Nxc6 14. Ba3 Rfd8 15. Nd5 Rac8 16. Rc1 Nxd5 17. Bxd5 Ne7 18. Qf3 Nxd5 19. Qxd5 Bf8 20. d4 Rc6 21. dxe5 dxe5 22. Qxd7 Rxd7 23. Rxc6 bxc6 24. Bxf8 Kxf8 25. Rc1 Rc7 26. Rc5 f6 27. Kf1 Ke7 28. Ke2 Kd6 29. Ra5 Rd7 30. e4 h5 31. h4 g5 32. hxg5 fxg5 33. f4 gxf4 34. gxf4 Re7 35. Kf3 h4 36. fxe5+ Rxe5 37. Rxa7 Rh5 38. Kg2 h3+ 39. Kh2 Rh4 40. Ra4 Ke5 41. Rc4 Rxe4 42. Rxe4+ Kxe4 43. Kxh3 Kd4 44. Kg4 Kc3 45. Kf4 Kb4 46. Ke4 Ka3 47. Kd4 Kxa2 48. Kc5 Kxb3 49. Kxc6 1/2-1/2

[Event "North Bay op"]
[Site "North Bay"]
[Date "1996.??.??"]
[Round "?"]
[White "Karklins, Andrew"]
[Black "Wolff, Patrick G"]
[Result "0-1"]
[WhiteElo "2355"]
[BlackElo "2580"]
[PlyCount "80"]
[EventDate "1996.08.??"]
[EventType "swiss"]
[EventRounds "9"]
[EventCountry "CAN"]
[SourceTitle "EXT 1998"]
[Source "ChessBase"]
[SourceDate "1997.11.17"]
[SourceVersion "1"]
[SourceVersionDate "1997.11.17"]
[SourceQuality "1"]

1. e4 d5 2. exd5 Qxd5 3. Nc3 Qa5 4. d4 c6 5. Bf4 Nf6 6. Qd2 Bf5 7. Nf3 Nbd7 8. Bd3 Bxd3 9. Qxd3 Nd5 10. Bg3 e6 11. 0-0 Nxc3 12. bxc3 Be7 13. Rfb1 b6 14. c4 0-0 15. a4 Rfd8 16. Bf4 Bf6 17. c3 e5 18. Bd2 Re8 19. Qf5 Rad8 20. Re1 g6 21. Qc2 Qa6 22. Qb3 e4 23. Ng5 e3 24. Bxe3 Rxe3 25. Rxe3 Bxg5 26. Re2 Bf6 27. Rae1 Qc8 28. Qc2 Kg7 29. f4 Nf8 30. Kh1 Qg4 31. Qe4 c5 32. h3 Qd7 33. g4 h6 34. Qg2 Ne6 35. Qf3 cxd4 36. Rd2 d3 37. Re3 Nc5 38. Qg2 Bxc3 39. Rd1 Qxa4 40. Rc1 d2 0-1

[Event "Chicago op"]
[Site "Chicago"]
[Date "1996.??.??"]
[Round "?"]
[White "Kaufman, Larry C"]
[Black "Wolff, Patrick G"]
[Result "0-1"]
[WhiteElo "2425"]
[BlackElo "2565"]
[PlyCount "114"]
[EventDate "1996.??.??"]
[EventType "swiss"]
[EventRounds "9"]
[EventCountry "USA"]
[SourceTitle "EXT 2001"]
[Source "ChessBase"]
[SourceDate "2000.11.22"]
[SourceVersion "1"]
[SourceVersionDate "2000.11.22"]
[SourceQuality "1"]

1. d4 Nf6 2. c4 g6 3. g3 Bg7 4. Bg2 d5 5. cxd5 Nxd5 6. Nf3 Nb6 7. Nc3 Nc6 8. e3 0-0 9. 0-0 Re8 10. Ne1 e5 11. d5 Na5 12. Nc2 e4 13. Nxe4 Nxd5 14. Nc5 c6 15. e4 Nc7 16. Qxd8 Rxd8 17. Bg5 Re8 18. Nd3 Be6 19. Rfd1 Nb5 20. e5 h6 21. Bf6 Bxf6 22. exf6 Bg4 23. Re1 Bf5 24. Bf1 Nc4 25. Ne3 Nxe3 26. fxe3 Nd6 27. Nc5 b6 28. Nb3 c5 29. Nd2 Re6 30. Bg2 Rae8 31. Bc6 Rd8 32. Bd5 Rxf6 33. e4 Bc8 34. e5 Rf5 35. g4 Rg5 36. h3 Ne8 37. Bxf7+ Kxf7 38. Nf3 Ke7 39. Nxg5 hxg5 40. Rad1 Rxd1 41. Rxd1 Nc7 42. Kf2 Be6 43. a3 Bd5 44. Kg3 Ke6 45. Re1 Nb5 46. a4 Nd4 47. a5 b5 48. a6 c4 49. Rf1 Nf3 50. Ra1 Kxe5 51. Ra5 Bc6 52. Kf2 Kd4 53. Ra1 Ne5 54. Ke2 Bf3+ 55. Kf2 b4 56. Ra5 c3 57. bxc3+ bxc3 0-1

[Event "North Bay op"]
[Site "North Bay"]
[Date "1996.??.??"]
[Round "?"]
[White "Peckford, William"]
[Black "Wolff, Patrick G"]
[Result "1/2-1/2"]
[WhiteElo "2285"]
[BlackElo "2580"]
[PlyCount "60"]
[EventDate "1996.08.??"]
[EventType "swiss"]
[EventRounds "9"]
[EventCountry "CAN"]
[SourceTitle "EXT 1998"]
[Source "ChessBase"]
[SourceDate "1997.11.17"]
[SourceVersion "1"]
[SourceVersionDate "1997.11.17"]
[SourceQuality "1"]

1. d4 Nf6 2. c4 g6 3. Nc3 d5 4. cxd5 Nxd5 5. e4 Nxc3 6. bxc3 Bg7 7. Bc4 c5 8. Ne2 Nc6 9. Be3 0-0 10. 0-0 Bg4 11. f3 Na5 12. Bd3 cxd4 13. cxd4 Be6 14. Rc1 Bxa2 15. Qa4 Bb3 16. Qb4 b6 17. d5 Qd6 18. Qxd6 exd6 19. Rc7 Ba4 20. Nc3 Bxc3 21. Rxc3 Nb3 22. Bc2 Rfc8 23. Rxc8+ Rxc8 24. Bxb3 Bxb3 25. Ra1 Rc7 26. Bf4 Rd7 27. Rc1 f5 28. Kf2 fxe4 29. fxe4 Ba4 30. Ke3 Kf7 1/2-1/2